Portraits of women of the New Testament. (Record no. 5131)

000 -LEADER
fixed length control field 00601nam a2200193 a 4500
001 - CONTROL NUMBER
control field :::00002872$&:&@@
003 - CONTROL NUMBER IDENTIFIER
control field OkBaRHE
005 - DATE AND TIME OF LATEST TRANSACTION
control field 20000607103257.0
008 - FIXED-LENGTH DATA ELEMENTS--GENERAL INFORMATION
fixed length control field j 000 0 eng u
040 ## - CATALOGING SOURCE
Transcribing agency
100 1# - MAIN ENTRY--PERSONAL NAME
Personal name Miller, Thomas E.
245 10 - TITLE STATEMENT
Title Portraits of women of the New Testament.
260 ## - PUBLICATION, DISTRIBUTION, ETC. (IMPRINT)
Place of publication, distribution, etc London, UK:EN., :
Name of publisher, distributor, etc H. R. Allenson, Limited
Date of publication, distribution, etc nd
300 ## - PHYSICAL DESCRIPTION
Extent 243 p. ;
Dimensions 21 cm.
650 ## - SUBJECT ADDED ENTRY--TOPICAL TERM
Topical term or geographic name as entry element Bible New Testament
General subdivision Biography
650 ## - SUBJECT ADDED ENTRY--TOPICAL TERM
Topical term or geographic name as entry element Women in the Bible
942 ## - ADDED ENTRY ELEMENTS (KOHA)
Source of classification or shelving scheme
Koha item type Books
Copies
Withdrawn status Lost status Full call number Date last seen Shelving location Not for loan Copy number Damaged status Date acquired Price effective from Barcode Source of classification or shelving scheme Koha item type Permanent Location
  BS 2445 .M4922018-03-16General Stacks 1 2010-04-142010-04-142872 BooksRHEMA Bible Training College